1270 1932 1175 1554 1330 1620 1086 1407 1282 1624 1981 1167 1995 1642 1869 1310 1941 1890 1925 1451 1134 1102 1698 1191 1269 1727 1440 1960 1910 1724 1277 1918 1276 1334 1251 1457 1856 1606 1069 1534 1613 1589 1154 1486 1149 1843 1244 1645 1568 1722 1764 1205 1738 1172 1609 1147 1967 1273 1284 1185 1970 1861 1789 1734 1483 1176 1634 1866 1193 1179 1744 1023 1062 1833 1057 1780 1046 1240 1145 1193 1429 1876 1752 1434 1779 1747 1940 1233 1067 1348 1083 1150 1769 1967 1365 1542 1529 1858 1157 BCNSPRNW ULIB Ver.6.0+V

เปลี่ยนเป็นภาษาไทย

Change to English
 แสดงรายละเอียดบรรณานุกรม
  กลับหน้าหลัก

Brief Record : Get Marc (ISO 2709) : E-mail record : QR code < ปิดหน้าต่าง
LEADER : 00000nam 2200000uu 4500
001    13399125026
003     ULIB
008    160529s2557||||th 000 0 tha d
020    ^a9789746727860
060 04 ^aWB310^bก451
245 00 ^aการดูแลผู้ป่วยแบบประคับประคอง =^bPalliative care /^cคณะบรรณาธิการ, บุษยามาส ชีวสกุลยง ... [และคนอื่นๆ]
246 31 ^aPalliative care
250    ^aพิมพ์ครั้งที่ 2
260    ^aเชียงใหม่ :^bคณะแพทยศาสตร์ มหาวิทยาลัยเชียงใหม่,^c2557
300    ^aix, 368 หน้า :^bภาพประกอบ ;^c27 ซม.
650  4 ^aการดูแลผู้ป่วยระยะสุดท้าย
650  4 ^aการรักษาเพื่อบรรเทาอาการ
650  4 ^aผู้ป่วยหนัก, การดูแล
700 0  ^aบุษยามาส ชีวสกุลยง,^eบรรณาธิการ
710 2  ^aมหาวิทยาลัยเชียงใหม่. ^bคณะแพทยศาสตร์
945    ^p400^l0^i001083
945    ^p400^l0^i001084
945    ^p400^l0^i001085
945    ^p400^l0^i001086
945    ^p400^l0^i001087
945    ^p400^l0^i001088
945    ^p400^l0^i001089
999    ^aเกษร โพธิ์สุวรรณ
รายการนี้ยังไม่มีแท็ก
คุณยังไม่ได้ล็อกอิน คุณสามารถมีกิจกรรมร่วมกับเว็บไซต์ได้ แต่ต้องล็อกอินก่อน ::
  ล็อกอิน

รายการสื่อสารสนเทศ

ลำดับที่ ประเภท เลขเรียก/บาร์โค้ด สถานที่ สถานะ
1. วิทยาศาสตร์การแพทย์ และสุขภาพ
วิทยาศาสตร์การแพทย์ และสุขภาพ
สถานะ=หนังสือเก่า
WB310 ก451 ฉ.1 
  Barcode: 001083
ห้องสมุดวิทยาเขตสวรรค์ประชารักษ์
►ส่วนจัดเก็บหนังสือเก่า สปร
บนชั้น
  ขอยืม
2. วิทยาศาสตร์การแพทย์ และสุขภาพ
วิทยาศาสตร์การแพทย์ และสุขภาพ
สถานะ=หนังสือเก่า
WB310 ก451 ฉ.2 
  Barcode: 001084
ห้องสมุดวิทยาเขตสวรรค์ประชารักษ์
►ส่วนจัดเก็บหนังสือเก่า สปร
บนชั้น
  ขอยืม
3. วิทยาศาสตร์การแพทย์ และสุขภาพ
วิทยาศาสตร์การแพทย์ และสุขภาพ
สถานะ=หนังสือเก่า
WB310 ก451 ฉ.3 
  Barcode: 001085
ห้องสมุดวิทยาเขตสวรรค์ประชารักษ์
►ส่วนจัดเก็บหนังสือเก่า สปร
บนชั้น
  ขอยืม
4. วิทยาศาสตร์การแพทย์ และสุขภาพ
วิทยาศาสตร์การแพทย์ และสุขภาพ
สถานะ=หนังสือเก่า
WB310 ก451 ฉ.4 
  Barcode: 001086
ห้องสมุดวิทยาเขตสวรรค์ประชารักษ์
►ส่วนจัดเก็บหนังสือเก่า สปร
บนชั้น
  ขอยืม
5. วิทยาศาสตร์การแพทย์ และสุขภาพ
วิทยาศาสตร์การแพทย์ และสุขภาพ
สถานะ=หนังสือเก่า
WB310 ก451 ฉ.5 
  Barcode: 001087
ห้องสมุดวิทยาเขตสวรรค์ประชารักษ์
►ส่วนจัดเก็บหนังสือเก่า สปร
บนชั้น
  ขอยืม
6. วิทยาศาสตร์การแพทย์ และสุขภาพ
วิทยาศาสตร์การแพทย์ และสุขภาพ
สถานะ=หนังสือเก่า
WB310 ก451 ฉ.6 
  Barcode: 001088
ห้องสมุดวิทยาเขตสวรรค์ประชารักษ์
►ส่วนจัดเก็บหนังสือเก่า สปร
บนชั้น
  ขอยืม
7. วิทยาศาสตร์การแพทย์ และสุขภาพ
วิทยาศาสตร์การแพทย์ และสุขภาพ
สถานะ=หนังสือเก่า
WB310 ก451 ฉ.7 
  Barcode: 001089
ห้องสมุดวิทยาเขตสวรรค์ประชารักษ์
►ส่วนจัดเก็บหนังสือเก่า สปร
บนชั้น
  ขอยืม

รายการใกล้เคียง
    หัวเรื่อง [การดูแลผู้ป่วยระยะสุดท้าย]
    หัวเรื่อง [การรักษาเพื่อบรรเทาอาการ]
    หัวเรื่อง [ผู้ป่วยหนัก, การดูแล]

BibComment


ยังไม่เคยถูกคอมเมนท์

คอมเมนท์ทรัพยากรรายการนี้
  คอมเมนท์: การดูแลผู้ป่วยแบ..


 Copyright 2026. Bcnsprnw @Library